Sports Quiz

Random Sports or NBA Quiz

NBA 40 Point Games (1999-present) Quiz Stats

 Plays Quiz Updated Jun 12, 2019

Score 0/184 Timer 13:00
39 Plays Today
Team(s) Player % Correct
LALKobe Bryant
99.1%
CLE/MIALeBron James
98.2%
MIADwyane Wade
94.4%
PHI/DENAllen Iverson
94.1%
DEN/NYKCarmelo Anthony
92.9%
BOSPaul Pierce
89.9%
SEA/OKCKevin Durant
89.7%
LAL/MIA/PHOShaquille O'Neal
88.5%
TOR/NJN/ORLVince Carter
87%
GSWStephen Curry
86.9%
DALDirk Nowitzki
85.9%
ORL/HOUTracy McGrady
85%
PORJermaine O'Neal
84.8%
OKCRussell Westbrook
83.9%
MIL/SEARay Allen
83.7%
OKC/HOUJames Harden
83.3%
GSWKlay Thompson
80.4%
NOPAnthony Davis
80.1%
MINKevin Garnett
78.3%
PHOSteve Nash
77.2%
NOH/LACChris Paul
76.6%
SASTim Duncan
75.6%
TOR/MIAChris Bosh
74.9%
WASJohn Wall
74.8%
ORLDwight Howard
73.4%
GSW/WASGilbert Arenas
72.7%
DALJosh Howard
72.4%
PORDamian Lillard
72.4%
NOHDavid West
72.1%
CHIDerrick Rose
70.8%
WASMichael Jordan
70.4%
SASTony Parker
70.1%
UTAGrayson Allen
69.9%
ATLJoe Johnson
69.1%
PHO/NJNJason Kidd
68.8%
PHO/NYKAmar'e Stoudemire
68.3%
UTA/BKNDeron Williams
68%
CLE/BOSKyrie Irving
68%
CLE/MINMo Williams
67.8%
GSWBaron Davis
67.7%
PORRasheed Wallace
67.4%
CLE/MINRicky Davis
67.2%
POR/CHAGerald Wallace
67.2%
IND/CHIJalen Rose
66.4%
LACBlake Griffin
65.8%
NYKEddy Curry
65.1%
WASBradley Beal
65.1%
MIN/CLEKevin Love
64.4%
DENJ.R. Smith
63.3%
IND/OKCPaul George
62.9%
WAS/DETRichard Hamilton
62.8%
MEMPau Gasol
61.3%
MEMMarc Gasol
60.7%
TORDeMar DeRozan
60.2%
TORKyle Lowry
59.3%
SAC/NOPDeMarcus Cousins
58.7%
MILMichael Redd
58.2%
INDReggie Miller
57.4%
SASManu Ginobili
57.3%
MEMMike Miller
57%
PORAndre Miller
56.1%
CHIJimmy Butler
55.7%
Team(s) Player % Correct
LAL/LACLou Williams
54.9%
PHOGerald Green
54.8%
HOUYao Ming
54.7%
MINKarl-Anthony Towns
54.2%
BOSIsaiah Thomas
53.5%
CHOKemba Walker
53%
SANKawhi Leonard
52.8%
SACChris Webber
52.4%
BOSJeff Green
51.6%
PHODevin Booker
51.4%
MILGiannis Antetokounmpo
50.9%
NYKNate Robinson
50.6%
MILGlenn Robinson
50.4%
PHOCliff Robinson
50.3%
GSW/WASAntawn Jamison
50.2%
POR/SASLaMarcus Aldridge
49%
MINAndrew Wiggins
48.9%
SEAGary Payton
48.9%
PORBrandon Roy
48%
NJN/PHO/NYKStephon Marbury
47.5%
UTAKarl Malone
47.3%
ATL/GSW/CHAStephen Jackson
47.1%
WASCaron Butler
46.4%
NJNRichard Jefferson
46.1%
MIN/UTAAl Jefferson
46.1%
GSWMonta Ellis
46%
DET/CHIBen Gordon
45.2%
LACEric Gordon
44.9%
UTACarlos Boozer
44.9%
PORC.J. McCollum
44.6%
SACMike Bibby
44.1%
SACKevin Martin
43.2%
PHIJoel Embiid
40.7%
DETGrant Hill
39.7%
BOSAntoine Walker
39.4%
PHOShawn Marion
39.3%
DETReggie Jackson
39.3%
SEARashard Lewis
38.6%
ATLTrae Young
38.1%
MEMMike Conley
37.7%
INDDanny Granger
37.3%
CHI/NYK/GSWJamal Crawford
37.2%
ORLAaron Gordon
37.2%
SAC/NOHPeja Stojakovic
37.2%
GSW/CHAJason Richardson
37.1%
LACQuentin Richardson
36.9%
CHI/LACElton Brand
36.2%
MILBrandon Jennings
35.8%
PORZach Randolph
35.3%
MEMRudy Gay
34.6%
GSWJordan Crawford
33.5%
UTADonovan Mitchell
33.4%
MILKhris Middleton
32.8%
UTAPaul Millsap
30.6%
DETJerry Stackhouse
30.5%
NYKKristaps Porzingis
30.5%
NYKAllan Houston
29.8%
ATLJason Terry
29.8%
DENNikola Jokic
29.6%
HOUSteve Francis
29.5%
NJNDevin Harris
29.5%
NYKLatrell Sprewell
28.7%
Team(s) Player % Correct
ORL/INDVictor Oladipo
28.1%
LALD'Angelo Russell
27.8%
PORDamon Stoudamire
26.7%
CHILuol Deng
26.1%
DENJamal Murray
25.9%
LAC/PHOEric Bledsoe
24.4%
MEM/DALO.J. Mayo
21.9%
MIAAlonzo Mourning
21.1%
LALAndrew Bynum
21%
NOPTyreke Evans
20.9%
WASNick Young
20.4%
MILSam Cassell
20.2%
TORTerrence Ross
19.7%
DALMichael Finley
19.3%
WASTrevor Ariza
19.2%
UTAMehmet Okur
19.1%
GSW/WAS/CLELarry Hughes
18.1%
MINZach LaVine
18%
IND/NYKAl Harrington
17.7%
LALKyle Kuzma
16.7%
ATLShareef Abdur-Rahim
16.7%
PHOGoran Dragić
16.6%
HOUAaron Brooks
16.4%
NYK/DENDanilo Gallinari
16%
ORLNikola Vucevic
15.6%
MINCorey Brewer
15.1%
LACJ.J. Redick
14.6%
NOHJamal Mashburn
14.6%
HOUCuttino Mobley
14.2%
PHOLeandro Barbosa
13.8%
DETRodney Stuckey
13.6%
TORAndrea Bargnani
12.5%
DENAntonio McDyess
12.1%
NOPJulius Randle
11.6%
TORPascal Siakam
11.5%
MINWally Szczerbiak
11.3%
DENNick Van Exel
10.8%
PORDarius Miles
9.7%
CLELamond Murray
9.2%
UTAC.J. Miles
9%
SEADamien Wilkins
8.8%
HOULuis Scola
8.7%
MIAMichael Beasley
8.6%
ATLDennis Schroder
8.5%
TORCharlie Villanueva
7.2%
DET/DEN/ORLArron Afflalo
6.2%
CLEJordan Clarkson
6%
PHOTony Delk
5.9%
BKNBojan Bogdanovic
5.5%
PHOT.J. Warren
5.1%
SACMarcus Thornton
4.4%
VANMichael Dickerson
4.3%
DENLinas Kleiza
4.2%
NYKTrey Burke
4.1%
GSWC.J. Watson
3.8%
MILRamon Sessions
3.7%
LALJodie Meeks
3.6%
DALRodrigue Beaubois
3.5%
NJNAnthony Morrow
3.1%
BRKAllen Crabbe
2.9%

You're not logged in!

Compare scores with friends on all Sporcle quizzes.
OR
Log In

Sporcle TV

Today on Sporcle TV


Watch our educational content, quiz creation guides, and fun videos on Sporcle TV.

Show Comments

Extras

Top Quizzes Today


Score Distribution

Your Account Isn't Verified!

In order to create a playlist on Sporcle, you need to verify the email address you used during registration. Go to your Sporcle Settings to finish the process.

Report this User

Report this user for behavior that violates our Community Guidelines.

Details: